Statistics for Fictional Couples

Click here to take the quiz!

General Stats

  • This quiz has been taken 40,947 times
  • The average score is 15 of 24

Answer Stats

CharacterPartner% Correct
Mickey MouseMinnie Mouse
98%
BarbieKen
97%
Marge Simpson{Homer} Simpson
92%
TarzanJane
92%
Lois LaneClark Kent
89%
Hermione GrangerRon Weasley
79%
Princess LeiaHan Solo
75%
Chandler BingMonica Geller
70%
PopeyeOlive Oyl
69%
Fred Flintstone{Wilma} Flintstone
67%
Lois Griffin{Peter} Griffin
65%
Bella SwanEdward Cullen
64%
Peter ParkerMary Jane Watson
59%
ZeusHera
54%
Forrest GumpJenny Curran
52%
Pepper PottsTony Stark
51%
Gomez Addams{Morticia} Addams
48%
King ArthurGuinevere
47%
Wall-EEVE
45%
Rhett ButlerScarlett O'Hara
42%
Cersei Lannister{Jaime} Lannister
35%
Marshall EriksenLily Aldrin
32%
Pam BeesleyJim Halpert
28%
Stanley Kowalski{Stella} Kowalski
16%

Score Distribution

Percentile by Number Answered

Percent of People with Each Score

Your Score History

You have not taken this quiz